[Event "EYCC 2017"]
[Site "Mamaia"]
[Date "2017.09.14"]
[Round "9"]
[White "Ozenir, Ekin Baris"]
[Black "Milosevic, Milos"]
[Result "0-1"]
[WhiteElo "2422"]
[BlackElo "2265"]
[Annotator "TA"]
[PlyCount "58"]
[EventDate "2017.??.??"]
[EventType "swiss"]
[EventCountry "ROU"]
[SourceTitle "playchess.com"]
[Source "ChessBase"]
[SourceQuality "1"]

1. d4 {Program Activation Required} c5 2. d5 Nf6 3. Nc3 g6 4. e4 d6 5. Bb5+ Bd7 6. a4 Bg7 7. Nf3 O-O 8. Nd2 {A43: Alt-Benoni} (8. h3 Na6 9. O-O Nc7 10. Bc4 a6 11. e5 dxe5 12. Nxe5 Be8 13. Bf4 b5 14. axb5 axb5 15. Rxa8 Qxa8 16. Nf3 bxc4 17. Bxc7 {½-½ (44) Wang,Y (2716)-Malakhov,V (2732) Ningbo 2010}) 8... Na6 9. h3 $146 ({Vorgänger:} 9. Be2 Nc7 10. Nc4 b5 11. axb5 Nxb5 12. Nxb5 Bxb5 13. f3 Re8 14. Bg5 e6 15. dxe6 Rxe6 {½-½ (34) Pakhomov,E (2454)-Eliseev,U (2541) Loo 2013}) 9... Nc7 10. Bc4 a6 11. Qe2 e6 12. dxe6 Nxe6 13. O-O Nd4 14. Qd3 Bc6 15. Bd5 Rc8 16. a5 Nd7 17. Nc4 Ne5 18. Nxe5 dxe5 19. Be3 Qd7 20. Rfd1 Kh8 21. Bxc6 Rxc6 22. Qc4 f5 23. f3 Qe7 24. Nd5 Qh4 25. Rf1 fxe4 26. fxe4 Qxe4 27. Kh1 Rd8 28. Ne7 Qxe3 29. Nxc6 bxc6 0-1

[Event "EYCC 2017"]
[Site "Mamaia"]
[Date "2017.09.14"]
[Round "9"]
[White "Janik, Igor"]
[Black "Kouskoutis, Georgios-Alexandros"]
[Result "1-0"]
[WhiteElo "2418"]
[BlackElo "2314"]
[Annotator "TA"]
[PlyCount "122"]
[EventDate "2017.??.??"]
[EventType "swiss"]
[EventCountry "ROU"]
[SourceTitle "playchess.com"]
[Source "ChessBase"]
[SourceQuality "1"]

1. e4 {Program Activation Required} c5 2. Nf3 g6 3. d4 cxd4 4. Nxd4 Bg7 5. c4 Nc6 6. Be3 Nf6 7. Nc3 O-O 8. f3 d6 9. Qd2 Nxd4 10. Bxd4 Be6 11. Rc1 {B38: Sizilianisch (Maroczy-Aufbau)} (11. Be2 a5 12. O-O a4 13. Rac1 Qa5 14. Rc2 Rfc8 15. b3 axb3 16. axb3 Nd7 17. Be3 Qb4 18. Rb1 Nc5 19. Nb5 Qxd2 20. Rxd2 Bd7 21. Kf2 f5 22. exf5 Bxf5 23. Rh1 Nxb3 24. Rdd1 Ra2 25. c5 dxc5 26. g4 Be6 27. Rhe1 Bc4 {0-1 (27) Sargissian,G (2702)-Li,C (2751) Huaian 2016}) 11... Rc8 12. b3 Qa5 13. Be3 Nd7 14. Be2 f5 $146 ({Vorgänger:} 14... Rc6 15. Nd5 Qxd2+ 16. Kxd2 Re8 17. h4 {½-½ (42) Opitz,P (2094)-Rosso,P (2252) ICCF email 2011}) 15. exf5 gxf5 16. Nb5 Qxd2+ 17. Kxd2 f4 18. Bxa7 b6 19. Bd3 Bf5 20. Rhe1 Be5 21. b4 Bxd3 22. Kxd3 Rf5 23. a4 Bf6 24. a5 bxa5 25. bxa5 Ne5+ 26. Ke4 Rg5 27. Bd4 Nxc4 28. Bxf6 exf6 29. Nd4 Rxa5 30. Kxf4 Ra4 31. Kg3 Rc5 32. h4 Ne5 33. Nf5 Rxc1 34. Rxc1 Nc4 35. Rb1 Ra5 36. Rb8+ Kf7 37. Rb7+ Ke6 38. Nd4+ Kd5 39. Ne2 h6 40. Rh7 Ne3 41. Kh3 Ra1 42. Ng3 f5 43. Ne2 Kc4 44. Nf4 d5 45. Rxh6 d4 46. Rc6+ Kb5 47. Rd6 Kc5 48. Rd8 Kc4 49. h5 Rh1+ 50. Kg3 Nf1+ 51. Kf2 Ne3 52. Rc8+ Kb4 53. Rc6 Nc4 54. h6 Ne5 55. Rd6 Kc4 56. Nh3 Ra1 57. Rd8 Ra7 58. Ng5 d3 59. h7 Ng6 60. Rc8+ Kb3 61. Ke3 Rd7 1-0

[Event "EYCC 2017"]
[Site "Mamaia"]
[Date "2017.09.14"]
[Round "9"]
[White "Gaifullin, Artur"]
[Black "Van Foreest, Lucas"]
[Result "1/2-1/2"]
[WhiteElo "2413"]
[BlackElo "2485"]
[Annotator "TA"]
[PlyCount "159"]
[EventDate "2017.??.??"]
[EventType "swiss"]
[EventCountry "ROU"]
[SourceTitle "playchess.com"]
[Source "ChessBase"]
[SourceQuality "1"]

{[%evp 17,159,0,0,0,0,0,0,0,0,0,17,0,5,-22,-8,-18,-22,-17,-12,-8,0,0,0,0,0,0,0,0,0,0,0,0,0,0,0,0,0,0,0,0,0,0,0,0,0,0,0,0,0,0,0,0,0,0,0,0,0,0,0,0,0,0,0,0,0,0,0,0,0,0,0,0,0,0,0,-6,-6,-7,0,-250,-194,-199,-196,-195,-123,-151,-179,-264,-13,-13,-27,-28,-28,-28,0,0,0,0,0,0,0,0,0,0,0,0,0,0,0,0,0,0,29978,0,0,0,0,0,0,0,0,0,0,0,0,0,0,0,0,0,0,0,0,0,0,0,0,0,0,0,0,0,0,0]} 1. Nf3 Nf6 2. c4 e6 3. Nc3 d5 4. cxd5 exd5 5. d4 c6 6. Qc2 Bd6 7. Bg5 Be6 {D35: Queen's Gambit Declined: Exchange Variation} (7... O-O 8. e3 h6 9. Bh4 Be6 10. Ne5 c5 11. Be2 cxd4 12. exd4 Nc6 13. Nxc6 bxc6 14. O-O Re8 15. Bf3 g6 16. Rfe1 {½-½ (24) Plomp,M (2534)-Moura,A (2528) ICCF email 2014}) 8. e3 Nbd7 9. Bd3 Qc7 {LiveBook: 5 Games} 10. Rc1 a6 11. Bh4 h6 12. Bg3 $146 ({Predecessor:} 12. Qb1 O-O 13. O-O Rfe8 14. Bg3 Bxg3 15. hxg3 Qd6 16. a3 {½-½ (16) Meissner,R (2088)-Nichols,S (2141) LSS email 2011}) 12... Bxg3 13. hxg3 Bg4 14. Rh4 Qd6 15. Bf5 Bxf5 16. Qxf5 g6 17. Qf4 Qb4 18. Rc2 g5 19. Nxg5 $1 hxg5 20. Rxh8+ Ke7 21. Qxf6+ $1 Nxf6 22. Rxa8 Ne4 $1 23. Rb8 Nxc3 24. bxc3 $11 {[%mdl 4096] Endgame KQ-KRR} Qb1+ 25. Kd2 f5 26. a4 a5 27. Ra8 b6 28. Rb8 b5 29. Rb7+ Kd6 30. axb5 cxb5 31. Rc1 Qb2+ 32. Rc2 Qb3 33. Rb6+ Ke7 34. Rh6 a4 35. Rh1 Kd7 36. Ra1 Kc6 37. Kc1 Qc4 38. Kd2 Qb3 39. Kc1 {Hoping for Rb2.} Qc4 $1 40. Kd2 Qb3 41. f3 Kb6 42. Re1 (42. f4 $5 {[%cal Rf4g5]}) 42... Ka5 43. Rec1 Kb6 44. Ke2 Ka5 45. Ke1 Ka6 46. Kf2 a3 47. Rd2 Ka5 48. Ke2 $2 (48. e4 $1 $11 {and White has nothing to worry.} dxe4 49. fxe4 fxe4 50. d5) 48... Ka4 $19 49. Kf2 Qc4 {White must now prevent ...b4.} 50. Rdc2 Kb3 51. Re2 Qd3 52. g4 {[#]} (52. f4 {was worth a try.} g4 53. e4 fxe4 54. Ra1) 52... fxg4 $2 (52... f4 $1 $19 {[%cal Rf4e3]} 53. exf4 b4 54. cxb4 Qxd4+ 55. Kf1 a2) 53. fxg4 $11 Qe4 54. Ra1 Qxg4 55. Rea2 Kxc3 56. Rxa3+ Kb4 57. R3a2 Qf5+ 58. Kg1 Kc4 59. Rb2 g4 60. Rc1+ Kd3 {And now ...g3 would win.} 61. Rb3+ Kd2 62. Rf1 Qh7 63. Rf2+ (63. Rxb5 $2 g3 $19) 63... Kc1 $1 64. g3 ({But not} 64. Rxb5 $2 g3 $19) (64. Ra3 {feels hotter.} Kb1 65. Rfa2 g3 66. Ra1+ Kc2 67. R1a2+) 64... Qc7 $2 {[%mdl 8192] [#]} (64... Qe7 $11) 65. Rg2 $2 (65. e4 $1 {mates} Qc4 66. Re3 Qb4 67. Ree2 Kd1 68. exd5 Qxd4 69. Rd2+ Qxd2 70. Rxd2+ Kxd2 71. d6) 65... Qe7 $1 {The position is equal.} 66. Rc3+ Kd1 67. Rd3+ Kc1 68. Rc3+ Kd1 69. Rb3 {[%cal Rb3b1]} Kc1 $1 70. Rbb2 {White wants to mate with Rgc2+.} Qxe3+ 71. Rbf2 {Threatens to win with Kh1.} b4 {...b3 is the strong threat.} ({Reject} 71... Qxd4 $6 72. Kh1 $16) 72. Kh1 {Threatening mate with Rg1+.} Qh6+ 73. Rh2 {[#]} Qxh2+ $1 {[%mdl 512]} 74. Kxh2 {KR-K3P} (74. Rxh2 b3) 74... b3 75. Kg2 b2 76. Rf1+ Kc2 77. Kf2 b1=R 78. Rxb1 Kxb1 79. Ke3 {Strongly threatening Kf4.} Kc2 (79... Kb2 $5 80. Kf4 $8 Kc3 81. Kxg4 Kxd4 $11) 80. Kf4 {Precision: White = 73%, Black = 82%.} 1/2-1/2

[Event "EYCC 2017"]
[Site "Mamaia"]
[Date "2017.09.14"]
[Round "9"]
[White "Kharitonov, Egor"]
[Black "Tsvetkov, Andrey"]
[Result "0-1"]
[WhiteElo "2387"]
[BlackElo "2219"]
[Annotator "TA"]
[PlyCount "111"]
[EventDate "2017.??.??"]
[EventType "swiss"]
[EventCountry "ROU"]
[SourceTitle "playchess.com"]
[Source "ChessBase"]
[SourceQuality "1"]

{[%evp 10,111,17,-25,-21,-25,-22,-38,8,22,18,32,35,10,10,10,10,10,4,6,15,0,0,0,0,-15,-16,-29,-25,-16,-24,-56,-54,-56,-55,-76,-62,-69,-72,-83,-81,-70,-83,-80,-29,-29,-29,-29,-29,-79,-82,-88,-72,-76,-19,-58,-71,-57,-67,-79,-79,-87,-19,-33,-29,-29,-29,-29,-29,-29,-19,-79,-14,-19,-17,-79,-79,-252,-252,-252,-244,-200,-143,-2321,-1585,-29944,-29947,-29947,-29947,-12826,-12786,-12083,-6617,-29965,-29966,-29963,-29965,-29967,-29967,-29967,-29969,-6083,-5800,-1350]} 1. d4 d5 2. c4 c6 3. Nf3 Nf6 4. Qc2 g6 5. Nc3 Bg7 6. Bf4 {LiveBook: 10 Games. D11: Slav Defence: 3 Nf3 sidelines and 3...Nf6 4 e3 Bg4} dxc4 7. e4 b5 8. a4 {The position is equal.} (8. Be2 O-O 9. O-O Nbd7 10. a4 b4 11. Nd1 Ba6 12. Bxc4 Bxc4 13. Qxc4 Nxe4 14. Qxc6 {½-½ (41) Tleptsok,R (2455)-Jacobs,R (2416) ICCF email 2013}) 8... b4 9. Nb1 b3 10. Qxc4 Ba6 11. Qxb3 Bxf1 12. Kxf1 {next Nbd2 is good for White.} Nxe4 13. Nc3 Nxc3 14. bxc3 $146 ({Predecessor:} 14. Qxc3) 14... Nd7 15. Re1 O-O 16. g3 c5 17. Bg5 Nf6 {[%cal Bd7f6,Bf6d5,Bd5b6,Bb6a4,Ba4c3][%mdl 32]} 18. dxc5 Qc7 19. Qc4 e6 20. Bf4 Qc6 {[%mdl 1024] Black has compensation.} 21. Kg2 Rfc8 22. Be3 Nd5 23. Bd4 Nb6 $1 {[%cal Rb6c4]} 24. Qb5 {[#] Hoping for Qxc6.} Nxa4 25. Qxc6 Rxc6 26. Ne5 Bxe5 ({Better is} 26... Rcc8 $17 27. c6 a6) 27. Rxe5 $11 f6 28. Re4 e5 29. Be3 Nxc3 30. Rb4 Nd5 31. Rb7 {[#]} Rac8 (31... Rc7 $1 $17 32. Rxc7 Nxc7) 32. Rxa7 Nxe3+ 33. fxe3 Rxc5 {[%mdl 4096] Endgame KRR-KRR} 34. Rd1 {Black should prevent Rdd7.} R5c7 35. Ra6 Rc6 (35... Rc2+ $17 36. Kh3 Rf8) 36. Ra7 R8c7 37. Rd8+ Kg7 38. Rd7+ Rxd7 39. Rxd7+ {KR-KR} Kg8 {aiming for ...Rc2+.} 40. Kf3 (40. Rd8+ $11 {remains equal.} Kg7 41. Kf3) 40... Rc8 (40... h5 $17) 41. h4 h5 42. Ra7 (42. Ke4 $11) 42... Rf8 43. g4 $2 (43. Ke4 $17) 43... hxg4+ $19 44. Kxg4 Rc8 45. Ra4 Rc3 46. h5 $2 {[%mdl 8192]} (46. Ra6 $17) 46... Rxe3 47. hxg6 Kg7 48. Kh5 Rh3+ 49. Kg4 Rh1 50. Kf5 Rf1+ 51. Ke6 Rf4 52. Ra1 Kxg6 53. Rg1+ Kh5 54. Rg8 e4 55. Kd5 f5 56. Kd4 {Precision: White = 33%, Black = 74%.} 0-1

[Event "EYCC 2017"]
[Site "Mamaia"]
[Date "2017.09.14"]
[Round "9"]
[White "Shubin, Kirill"]
[Black "Avalyan, Artur"]
[Result "*"]
[WhiteElo "2375"]
[BlackElo "2277"]
[Annotator "TA"]
[PlyCount "35"]
[EventDate "2017.??.??"]
[EventType "swiss"]
[EventCountry "ROU"]
[SourceTitle "playchess.com"]
[Source "ChessBase"]
[SourceQuality "1"]

1. e4 {Program Activation Required} e6 2. d4 d5 3. Nc3 Bb4 4. e5 c5 5. a3 Bxc3+ 6. bxc3 Qc7 7. Qg4 f6 8. Ne2 {C18: Französische Verteidigung (Nimzowitsch-Variante)} (8. Nf3 c4 9. h4 Nc6 10. Bf4 h5 11. Qg3 Qf7 12. Be2 Bd7 13. O-O O-O-O 14. a4 Nge7 15. a5 Nf5 16. Qh2 Rdg8 {0-1 (53) Anand,V (2803)-Ponkratov,P (2604) Berlin 2015}) 8... c4 9. Bf4 Qf7 10. h4 h5 11. Qg3 Nc6 12. Ng1 Nge7 13. Nf3 Bd7 14. Be2 O-O-O 15. a4 Rdg8 16. Qh2 $146 Nf5 17. Rb1 Be8 18. Rb2 *

[Event "EYCC 2017"]
[Site "Mamaia"]
[Date "2017.09.14"]
[Round "9"]
[White "Garcia Martin, Marta"]
[Black "Dwilewicz, Katarzyna"]
[Result "0-1"]
[WhiteElo "2360"]
[BlackElo "1884"]
[Annotator "TA"]
[PlyCount "84"]
[EventDate "2017.??.??"]
[EventType "swiss"]
[EventCountry "ROU"]
[SourceTitle "playchess.com"]
[Source "ChessBase"]
[SourceQuality "1"]

1. e4 {Program Activation Required} e5 2. Nf3 Nc6 3. d4 exd4 4. Nxd4 Nf6 5. Nxc6 bxc6 6. e5 Qe7 7. Qe2 Nd5 8. c4 Nb6 9. Nc3 Bb7 {C45: Schottische Partie} (9... Qe6 10. Qe4 g6 11. Bd2 Bg7 12. c5 Nd5 13. Bc4 Qxe5 14. Qxe5+ Bxe5 15. Bxd5 cxd5 16. O-O-O O-O 17. Nxd5 Rb8 18. Bc3 Bxc3 19. Nxc3 {1-0 (49) Yu,Y (2729)-Dominguez Perez,L (2739) Doha 2016}) 10. f4 Qe6 11. Qe4 O-O-O $146 ({Vorgänger:} 11... Bb4 12. Bd2 O-O-O 13. f5 Qe7 14. O-O-O Rhe8 15. a3 Bxc3 16. Bxc3 Na4 17. Bd2 Qxe5 18. Qc2 {1-0 (115) Charochkina,D (2310)-Kovanova,B (2354) Moscow 2011}) 12. Bd3 Bc5 13. f5 Qe7 14. Bf4 Rhe8 15. O-O-O Bb4 16. Qd4 Bc5 17. Qe4 Bb4 18. Nb1 Kb8 19. a3 c5 20. Qe2 Ba5 21. Nd2 Bxd2+ 22. Qxd2 f6 23. exf6 gxf6 24. Rhe1 Qf7 25. b3 d5 26. Bf1 d4 27. Qa5 Qf8 28. Rxe8 Rxe8 29. b4 Re4 30. g3 cxb4 31. axb4 Qe8 32. Qc5 Rxf4 33. gxf4 Qe3+ 34. Rd2 Qc3+ 35. Kd1 Bf3+ 36. Be2 Qa1+ 37. Kc2 Qc3+ 38. Kd1 Qa1+ 39. Kc2 Be4+ 40. Bd3 Qc3+ 41. Kd1 Bxd3 42. Qa5 Be4 0-1

[Event "EYCC 2017"]
[Site "Mamaia"]
[Date "2017.09.14"]
[Round "9"]
[White "Salemgareev, Tagir"]
[Black "Pultinevicius, Paulius"]
[Result "1-0"]
[WhiteElo "2354"]
[BlackElo "2381"]
[Annotator "NA RC"]
[PlyCount "65"]
[EventDate "2017.??.??"]
[EventType "swiss"]
[EventCountry "ROU"]
[SourceTitle "playchess.com"]
[Source "ChessBase"]
[SourceQuality "1"]
[TimeControl "40/5400+30:1800+30"]

1. d4 {[%emt 0:00:00]} Nf6 {[%emt 0:00:01]} 2. c4 {[%emt 0:00:00]} g6 {[%emt 0:00:04]} 3. Nc3 {[%emt 0:00:00]} Bg7 {[%emt 0:00:45]} 4. e4 {[%emt 0:00:00]} d6 {[%emt 0:00:08]} 5. Nf3 {[%emt 0:00:01]} O-O {[%emt 0:00:06]} 6. h3 {[%emt 0:00:06]} Na6 {[%emt 0:01:16]} 7. Be3 {[%emt 0:00:41]} e5 {[%emt 0:01:28]} 8. d5 {[%emt 0:01:00]} Nc5 {[%emt 0:00:46]} 9. Nd2 {[%emt 0:00:57]} a5 {[%emt 0:00:21]} 10. g4 {[%emt 0:00:15]} c6 {[%emt 0:02:18]} 11. Be2 {[%emt 0:02:34]} a4 {[%emt 0:06:13]} 12. g5 {[%emt 0:08:56]} Ne8 {[%emt 0:00:39]} 13. h4 {[%emt 0:00:52]} Qa5 {[%emt 0:01:02]} 14. Rb1 {[%emt 0:10:31]} f5 {[%emt 0:04:26]} 15. f3 {[%emt 0:02:25]} fxe4 {[%emt 0:37:07]} 16. fxe4 {[%emt 0:04:32]} Nc7 {[%emt 0:00:54]} 17. h5 {[%emt 0:17:03]} Bd7 {[%emt 0:02:33]} 18. h6 {[%emt 0:01:36]} Bh8 {[%emt 0:00:03]} 19. Qc2 {[%emt 0:07:21]} N7a6 {[%emt 0:05:26]} 20. a3 {[%emt 0:02:24]} Rac8 {[%emt 0:05:41]} 21. Rf1 {[%emt 0:11:43]} Bh3 {[%emt 0:09:41]} 22. Rxf8+ {[%emt 0:17:26]} Rxf8 {[%emt 0:00:01]} 23. b4 {[%emt 0:02:57]} axb3 {[%emt 0:00:05]} 24. Nxb3 {[%emt 0:00:05]} Nxb3 {[%emt 0:06:13]} 25. Qxb3 {[%emt 0:00:23]} Nc5 {[%emt 0:02:14]} 26. Qb4 {[%emt 0:00:20]} Qd8 {[%emt 0:00:49]} 27. Qb6 {[%emt 0:01:44]} Qc8 {[%emt 0:00:40]} 28. dxc6 {[%emt 0:02:38]} bxc6 {[%emt 0:01:02]} 29. Bxc5 {[%emt 0:00:19]} dxc5 {[%emt 0:00:14]} 30. Qa7 {[%emt 0:00:08]} Be6 {[%emt 0:06:38]} 31. Rb7 {[%emt 0:00:34]} Bf7 {[%emt 0:00:13]} 32. Rd7 {[%emt 0:00:21]} Qb8 {[%emt 0:02:43]} 33. Rxf7 {[%emt 0:00:12]} 1-0

[Event "EYCC 2017"]
[Site "Mamaia"]
[Date "2017.09.14"]
[Round "9"]
[White "Suleymanli, Aydin"]
[Black "Antonica, Dragos-Andrei"]
[Result "1/2-1/2"]
[WhiteElo "2351"]
[BlackElo "2188"]
[Annotator "TA"]
[PlyCount "25"]
[EventDate "2017.??.??"]
[EventType "swiss"]
[EventCountry "ROU"]
[SourceTitle "playchess.com"]
[Source "ChessBase"]
[SourceQuality "1"]

{[%evp 21,25,10,28,0,-4,-21]} 1. d4 Nf6 2. c4 e6 3. Nc3 Bb4 4. a3 Bxc3+ 5. bxc3 b6 6. f3 d5 7. cxd5 exd5 8. e3 O-O 9. Bd3 Re8 10. Ne2 Bb7 11. O-O c5 {LiveBook: 18 Games} 12. Bd2 {E49: Nimzo-Indian: Rubinstein: 5 Bd3 d5 6 a3 Bxc3+ 7 bxc3} (12. Ra2 Ba6 13. Bxa6 Nxa6 14. Ng3 Qd7 15. Re2 Rad8 16. Bb2 Qc6 17. Rfe1 Nc7 18. e4 cxd4 19. cxd4 Ne6 {1-0 (70) Kacheishvili,G (2578)-Ruiz C,J (2391) Las Vegas 2013}) 12... Nc6 13. Rb1 $146 ({Predecessor:} 13. Re1 Qd7 14. Nf4 cxd4 15. cxd4 g5 16. Ne2 g4 17. Ng3 Ne7 18. fxg4 Nxg4 19. Bf5 Nxf5 20. Qxg4+ Kh8 21. Rf1 Bc8 22. Nxf5 Rg8 23. Qh4 Qe6 24. Nh6 Rg7 25. Qd8+ {1-0 (25) Faust,D (2036)-Gottwald,B (1870) Remote email 2013}) 1/2-1/2

[Event "EYCC 2017"]
[Site "Mamaia"]
[Date "2017.09.14"]
[Round "9"]
[White "Bjerre, Jonas Buhl"]
[Black "De Boer, Eelke"]
[Result "1-0"]
[WhiteElo "2348"]
[BlackElo "2233"]
[Annotator "TA"]
[PlyCount "53"]
[EventDate "2017.??.??"]
[EventType "swiss"]
[EventCountry "ROU"]
[SourceTitle "playchess.com"]
[Source "ChessBase"]
[SourceQuality "1"]

1. e4 {Program Activation Required} e6 2. d4 d5 3. Nd2 c5 4. exd5 Qxd5 5. Ngf3 cxd4 6. Bc4 Qd8 7. O-O Nc6 8. Nb3 a6 {C07: Französische Verteidigung (Tarrasch-Variante)} 9. Nbxd4 Nxd4 10. Nxd4 Qc7 11. Qe2 (11. Bb3 Bd6 12. Qh5 Nf6 13. Qh4 Bd7 14. Bg5 O-O-O 15. Rad1 h6 16. Bxf6 gxf6 {½-½ (24) Navara,D (2737)-Harikrishna,P (2737) Biel 2017}) 11... Bd6 12. h3 Ne7 13. c3 O-O 14. Re1 {[#]} b6 $146 ({Vorgänger:} 14... b5 15. Bb3 Bb7 16. Be3 {0-1 (69) Reshef,O (2253)-Bluebaum,M (2529) Al Ain 2013}) 15. Bg5 Kh8 16. Rad1 e5 17. Bxe7 Qxe7 18. Bd5 Bd7 19. Bxa8 Rxa8 20. Qf3 Qe8 21. Nf5 Bc6 22. Qg3 Bf8 23. Qxe5 Qc8 24. Ne7 Qb7 25. Nxc6 Qxc6 26. Qd5 Qc8 27. Qxf7 1-0

[Event "EYCC 2017"]
[Site "Mamaia"]
[Date "2017.09.14"]
[Round "9"]
[White "Gavrilescu, David"]
[Black "Voloshchuk, Iliya"]
[Result "1/2-1/2"]
[WhiteElo "2346"]
[BlackElo "2156"]
[Annotator "TA"]
[PlyCount "82"]
[EventDate "2017.??.??"]
[EventType "swiss"]
[EventCountry "ROU"]
[SourceTitle "playchess.com"]
[Source "ChessBase"]
[SourceQuality "1"]

1. e4 {Program Activation Required} d6 2. d4 Nf6 3. Bd3 e5 4. c3 g6 5. Nf3 Nbd7 6. O-O Bg7 7. Re1 O-O 8. Na3 c6 {B07: Pirc-Ufimzew-Verteidigung} (8... Re8 9. Bg5 h6 10. Bh4 b6 11. dxe5 dxe5 12. Bb5 Qe7 13. Bxf6 Bxf6 14. Bc6 Rb8 15. Nb5 Rd8 16. Nxc7 {1-0 (31) Godena,M (2506)-Kobalia,M (2624) Minsk 2017}) 9. dxe5 Nxe5 10. Nxe5 dxe5 11. Nc4 Qc7 12. a4 Be6 13. Qc2 $146 ({Vorgänger:} 13. Qe2 Rfd8 14. a5 Rd7 15. Bc2 Ne8 16. Be3 Nd6 17. Nxd6 Rxd6 18. b4 Bf8 19. f4 f6 20. fxe5 fxe5 21. Rf1 Be7 22. Rf2 Rdd8 23. Bd3 {½-½ (23) Kubala,J (2125)-Balogh,T (2390) Bratislava 2001}) 13... Rfd8 14. a5 Ne8 15. Bg5 f6 16. Be3 Qf7 17. Nd2 Bf8 18. b4 Bd6 19. Rab1 Bc7 20. Bf1 b5 21. axb6 axb6 22. Ra1 Nd6 23. c4 Nb7 24. Nb3 Rdb8 25. Rec1 Bd6 26. Qd2 Qf8 27. Rxa8 Rxa8 28. Bxb6 Bxb4 29. Qd1 c5 30. Ra1 Qe8 31. Be2 Rxa1 32. Qxa1 Qb8 33. Qa6 Kg7 34. h4 Bd7 35. g3 Qc8 36. Qa7 Qc6 37. Bf3 Kh6 38. Qb8 Qc8 39. Qa7 Qc6 40. Qb8 Qc8 41. Qa7 Qc6 1/2-1/2

[Event "EYCC 2017"]
[Site "Mamaia"]
[Date "2017.09.14"]
[Round "9"]
[White "Balajayeva, Khanim"]
[Black "Kubicka, Anna"]
[Result "1-0"]
[WhiteElo "2342"]
[BlackElo "2221"]
[Annotator "TA"]
[PlyCount "61"]
[EventDate "2017.??.??"]
[EventType "swiss"]
[EventCountry "ROU"]
[SourceTitle "playchess.com"]
[Source "ChessBase"]
[SourceQuality "1"]

{[%evp 19,61,50,63,63,59,62,73,72,60,67,94,18,36,11,28,18,34,21,77,90,114,97,97,39,46,40,43,0,9,28,138,146,125,101,29996,2276,29981,29982,6047,2516,5956,821,2475,2351]} 1. e4 d6 2. d4 Nf6 3. Nc3 Nbd7 4. Nf3 e5 5. Bc4 Be7 6. O-O O-O 7. Re1 c6 8. a4 Qc7 9. h3 b6 10. Ba2 {C41: Philidor Defence} a5 {LiveBook: 6 Games} (10... a6 11. Be3 Bb7 12. Qd3 exd4 13. Bxd4 Ne5 14. Qe3 Nfd7 15. Ne2 Bf6 16. Nxe5 dxe5 17. Bc3 a5 18. Bc4 Nc5 19. Nc1 Rfe8 20. Nd3 Ne6 21. Qg3 Nf8 22. Rad1 Ng6 23. Qf3 {½-½ (23) Hracek,Z (2594)-Vajda,L (2596) Hungary 2016}) 11. Bg5 h6 12. Be3 {White is slightly better.} exd4 $146 ({Predecessor:} 12... Re8 13. dxe5 dxe5 14. Nh4 Nf8 15. Qf3 Be6 16. Nf5 Bxf5 17. Qxf5 g6 18. Qf3 {½-½ (42) Stastny,J (2246)-Benes,P (2108) Czechia 2014}) 13. Nxd4 Nc5 14. Qf3 Bd7 15. g4 (15. Bf4 $16) 15... Nh7 $11 16. Qg3 Bf6 17. Rad1 Ng5 18. f3 {[%cal Bf2f3,Bf3f4][%mdl 32]} Be5 (18... Rae8 $11) 19. f4 $1 $16 {[%cal Rf4e5]} Ngxe4 20. Nxe4 Nxe4 21. Qf3 (21. Qg2 $16) 21... Bxd4 $1 $14 22. Bxd4 Nc5 23. f5 {aiming for Qf4.} Rae8 24. Qf4 {Black must now prevent g5.} Qd8 ({Reject} 24... Nxa4 $6 25. Rxe8 Rxe8 26. g5 $16) (24... Rxe1+ $1 $11 25. Rxe1 Re8 26. Rxe8+ Bxe8) 25. Rxe8 Rxe8 26. Qxd6 $40 {[%mdl 128] White wants a kill.} Ne4 $2 {[%mdl 8192] [#]} (26... Qg5 $16) 27. Qg6 (27. Bxf7+ $142 $1 {[%mdl 512]} Kxf7 28. Qg6+ Ke7 {[#]} 29. Bc5+ $1 {[%mdl 512]} bxc5 30. Qxg7#) 27... Qg5 28. Bxf7+ Kf8 29. Bxg7+ {White is clearly winning.} Ke7 30. Rxd7+ (30. f6+ $142 Kd8 31. Rxd7+ Kc8 32. Qxg5 Nxg5 33. Bxe8) 30... Kxd7 $18 31. Bxe8+ {Precision: White = 53%, Black = 44%.} 1-0

[Event "EYCC 2017"]
[Site "Mamaia"]
[Date "2017.09.14"]
[Round "9"]
[White "Badelka, Olga"]
[Black "Sargsyan, Anna M"]
[Result "1/2-1/2"]
[WhiteElo "2335"]
[BlackElo "2047"]
[Annotator "TA"]
[PlyCount "23"]
[EventDate "2017.??.??"]
[EventType "swiss"]
[EventCountry "ROU"]
[SourceTitle "playchess.com"]
[Source "ChessBase"]
[SourceQuality "1"]

1. c4 {Program Activation Required} c6 2. e4 d5 3. exd5 cxd5 4. d4 Nf6 5. Nc3 e6 6. c5 Be7 7. Bf4 O-O 8. Nf3 b6 9. b4 a5 10. Na4 {B14: Caro-Kann (Panow-Angriff)} Nbd7 (10... bxc5 11. bxc5 Bd7 12. Nb6 Ra7 13. Nxd7 Nfxd7 14. Bb5 e5 15. Nxe5 Nxe5 16. Bxe5 Bxc5 17. dxc5 Re7 {1-0 (35) Kovalev,V (2596)-Abdulov,O (2369) Konya 2016}) 11. a3 Ne4 12. Be2 $146 ({Vorgänger:} 12. c6 axb4 13. Bb5 Ba6 14. Bxa6 Rxa6 15. cxd7 bxa3 16. O-O Qxd7 17. Nc3 Nxc3 {0-1 (49) Gonzalez Menendez,I (2294)-Izeta Txabarri,F (2466) Mondariz 2002}) 1/2-1/2